000 00704nam a2200241Ia 4500
005 20260121112520.0
008 6617 260114s9999 xx 000 0 eng d
020 _a9789814299213
037 _aEBOOK
040 _aCRL
_beng
_cCRL
041 _aeng
_2eng
084 _qCRL
100 _aRangaiah Gade Pandu
_9958857
245 0 _aStochastic Global Optimization: Techniques and Applications in Chemical Engineering With Cd-Rom
260 _bWorld Scientific
260 _bWSPC
260 _c2010
650 _aEngineering / Acoustics
_9958858
856 _uhttps://www.worldscientific.com/worldscibooks/10.1142/7669#t=toc
942 _cEBOOK
999 _c1543917
_d1543917